Are you a bee? (Record no. 1619)

MARC details
000 -LEADER
fixed length control field 00856cam a22002774a 4500
005 - DATE AND TIME OF LATEST TRANSACTION
control field 20250521091328.0
020 ## - INTERNATIONAL STANDARD BOOK NUMBER
International Standard Book Number 9780753458044
040 ## - CATALOGING SOURCE
Original cataloging agency DLC
Transcribing agency DLC
Modifying agency DLC
Language of cataloging eng
050 00 - LIBRARY OF CONGRESS CALL NUMBER
Classification number QL565.A44
082 00 - DEWEY DECIMAL CLASSIFICATION NUMBER
Classification number 595.799
100 1# - MAIN ENTRY--PERSONAL NAME
Personal name Allen, Judy.
245 10 - TITLE STATEMENT
Title Are you a bee?
Statement of responsibility, etc. Judy Allen and Tudor Humphries.
260 ## - PUBLICATION, DISTRIBUTION, ETC.
Place of publication, distribution, etc. New York :
Name of publisher, distributor, etc. Kingfisher
Date of publication, distribution, etc. 2000
300 ## - PHYSICAL DESCRIPTION
Extent 31 pages :
Other physical details color illustrations ;
Dimensions 22 cm
490 1# - SERIES STATEMENT
Series statement Backyard books
505 ## - FORMATTED CONTENTS NOTE
Formatted contents note M <br/>
520 ## - SUMMARY, ETC.
Summary, etc. A juvenile bee faces many challenges as it takes its place in the hive and joins in the work of the bee community.
521 ## - TARGET AUDIENCE NOTE
Target audience note 530 <br/>
Source Lexile <br/>
521 ## - TARGET AUDIENCE NOTE
Target audience note M <br/>
Source Raz-Plus <br/>
650 #0 - SUBJECT ADDED ENTRY--TOPICAL TERM
Topical term or geographic name entry element Bees
Form subdivision Juvenile literature.
650 #1 - SUBJECT ADDED ENTRY--TOPICAL TERM
Topical term or geographic name entry element Bees.
700 1# - ADDED ENTRY--PERSONAL NAME
Personal name Humphries, Tudor
Relator term illustrator
906 ## - LOCAL DATA ELEMENT F, LDF (RLIN)
a 7
b cbc
c orignew
d 1
e ocip
f 20
g y-gencatlg
942 ## - ADDED ENTRY ELEMENTS (KOHA)
Source of classification or shelving scheme Dewey Decimal Classification
Koha item type Books
Suppress in OPAC No
999 ## -
-- 1619
-- 1619
Holdings
Withdrawn status Lost status Source of classification or shelving scheme Damaged status Not for loan Collection Home library Current library Shelving location Date acquired Total Checkouts Full call number Barcode Date last seen Date last checked out Price effective from Koha item type Copy number
    Dewey Decimal Classification     Juvenile Fiction Footprints International School Library Network Toul Tom Poung Campus Footprints International School Library Network Toul Tom Poung Campus TTP Primary Yellow Bookshelves 09/11/2023 5 ALL Fic QL565.A44 FIS03049 09/18/2024 09/11/2024 09/11/2023 Books  
    Dewey Decimal Classification     Juvenile Fiction Footprints International School Library Network Toul Tom Poung Campus Footprints International School Library Network Toul Tom Poung Campus TTP Primary Yellow Bookshelves 05/21/2025   ALL Fic QL565.A44 FISTK01811 05/21/2025   05/21/2025 Books 2